[Event "British Columbia op"]
[Site "Richmond CAN"]
[Date "2017.02.13"]
[Round "6.9"]
[White "Doknjas, Neil"]
[Black "Zhou, Aiden"]
[Result "0-1"]
[WhiteElo "1886"]
[BlackElo "1911"]
[WhiteFideId "-1"]
[WhiteFideId "-1"]
[PlyCount "118"]
[GameId "2160767908478626"]
[EventDate "2017.02.11"]
[EventType "swiss"]
[EventRounds "6"]
[EventCountry "CAN"]
[SourceTitle "EXT 2022"]
[Source "ChessBase"]
[SourceDate "2021.10.06"]
[SourceVersion "1"]
[SourceVersionDate "2021.10.06"]
[SourceQuality "1"]

1. e4 c5 2. Nf3 d6 3. d4 cxd4 4. Nxd4 Nf6 5. Nc3 g6 6. Be3 Bg7 7. f3 O-O 8. Qd2 Nc6 9. g4 Be6 10. O-O-O Nxd4 11. Bxd4 Qa5 12. Kb1 Rfc8 13. h4 Rxc3 14. Qxc3 Qxa2+ 15. Kc1 Qa1+ 16. Kd2 Qa4 17. Bd3 Nxe4+ 18. Bxe4 Bxd4 19. Qa3 Qb5 20. Kc1 Bc5 21. Qd3 Bc4 22. Qc3 Bb4 23. Qd4 e5 24. Qe3 d5 25. Bd3 Qa5 26. c3 d4 27. Qe2 Bxd3 28. Qxd3 dxc3 29. Kb1 cxb2 30. Kxb2 Rc8 31. Rc1 Rd8 32. Qb3 Ba3+ 33. Kb1 Bxc1 34. Rxc1 Rd5 35. Qa2 Qxa2+ 36. Kxa2 Rd3 37. Rf1 Rd2+ 38. Kb3 Rd4 39. Kc3 Rf4 40. Kd3 e4+ 41. Kd4 exf3+ 42. Ke5 Rxg4 43. Rxf3 Kg7 44. Rh3 h5 45. Kd6 b5 46. Kc5 b4 47. Kb5 b3 48. Rxb3 Rxh4 49. Kc5 Re4 50. Kd5 Re8 51. Rb7 h4 52. Rxa7 g5 53. Ra3 g4 54. Ra4 f5 55. Kd6 h3 56. Ra7+ Kg6 57. Ra6 Kg5 58. Ra1 h2 59. Kd7 Re4 0-1

[Event "British Columbia op"]
[Site "Richmond CAN"]
[Date "2017.02.13"]
[Round "6.10"]
[White "Chung, Alec"]
[Black "O'Brien, Frank"]
[Result "0-1"]
[WhiteElo "1700"]
[BlackElo "1772"]
[WhiteFideId "-1"]
[WhiteFideId "-1"]
[PlyCount "98"]
[GameId "2160767908478627"]
[EventDate "2017.02.11"]
[EventType "swiss"]
[EventRounds "6"]
[EventCountry "CAN"]
[SourceTitle "EXT 2022"]
[Source "ChessBase"]
[SourceDate "2021.10.06"]
[SourceVersion "1"]
[SourceVersionDate "2021.10.06"]
[SourceQuality "1"]

1. c4 Nf6 2. Nc3 d5 3. d4 e6 4. Nf3 Nbd7 5. Bf4 c6 6. e3 Be7 7. Bd3 dxc4 8. Bxc4 Nd5 9. Bg3 N7f6 10. O-O O-O 11. a3 Nxc3 12. bxc3 Ne4 13. Qc2 Nxg3 14. fxg3 c5 15. a4 Bd7 16. Rfd1 Qc7 17. Ne5 Rad8 18. Bd3 h6 19. Rab1 Bg5 20. e4 Be3+ 21. Kh1 cxd4 22. cxd4 Qxc2 23. Bxc2 Bc6 24. Nf3 Rd7 25. Rb4 Rfd8 26. Ne5 Rxd4 27. Rbxd4 Rxd4 28. Rxd4 Bxd4 29. Nxc6 bxc6 30. g4 Kf8 31. h3 Ke7 32. Kh2 Bf2 33. g3 Kd6 34. Kg2 Be1 35. Kf3 Ke5 36. Ke3 Bxg3 37. Bd3 Bh2 38. Bc2 Bg1+ 39. Kf3 Kd4 40. h4 Kc3 41. Bd1 Kd2 42. Bb3 Kd3 43. g5 hxg5 44. hxg5 c5 45. g6 f6 46. Bxe6 c4 47. Bxc4+ Kxc4 48. e5 fxe5 49. Ke4 Bd4 0-1

[Event "British Columbia op"]
[Site "Richmond CAN"]
[Date "2017.02.13"]
[Round "6.11"]
[White "Zheng, Maven"]
[Black "Qu, Leo"]
[Result "1/2-1/2"]
[WhiteElo "1705"]
[BlackElo "1872"]
[WhiteFideId "-1"]
[WhiteFideId "-1"]
[PlyCount "105"]
[GameId "2160767908478628"]
[EventDate "2017.02.11"]
[EventType "swiss"]
[EventRounds "6"]
[EventCountry "CAN"]
[SourceTitle "EXT 2022"]
[Source "ChessBase"]
[SourceDate "2021.10.06"]
[SourceVersion "1"]
[SourceVersionDate "2021.10.06"]
[SourceQuality "1"]

1. d4 Nf6 2. c4 g6 3. Nc3 Bg7 4. e4 d6 5. f3 O-O 6. Be3 Nbd7 7. Nh3 e5 8. d5 a6 9. Be2 Re8 10. Nf2 Nh5 11. Qd2 Nf8 12. Nd3 f5 13. b4 f4 14. Bf2 Bd7 15. c5 Nf6 16. Rc1 Qe7 17. g3 g5 18. h4 h6 19. Rg1 Kf7 20. hxg5 hxg5 21. gxf4 gxf4 22. Bh4 Ng6 23. Bg5 Rh8 24. Bd1 Bh6 25. Bxf6 Qxf6 26. Bb3 b6 27. cxd6 cxd6 28. Na4 Bxa4 29. Rc7+ Ne7 30. Bxa4 b5 31. Bb3 Bg5 32. Nc5 Bh4+ 33. Kd1 Bg3 34. Nd7 Qg7 35. Qc3 Ke8 36. Nb6 Rb8 37. Nc8 Rxc8 38. Rxc8+ Kf7 39. Rxh8 Qxh8 40. Kc1 Qh2 41. Rd1 Bf2 42. Kb1 Be3 43. Qc7 Bd4 44. Bc2 Qe2 45. Qxd6 Qc4 46. Bb3 Qc3 47. Qe6+ Ke8 48. Rxd4 exd4 49. d6 Qe1+ 50. Kc2 Qe2+ 51. Kc1 Qe3+ 52. Kd1 Qxf3+ 53. Ke1 1/2-1/2

[Event "British Columbia-Washington m A"]
[Site "Victoria CAN"]
[Date "2017.01.13"]
[Round "1.2"]
[White "Tiglon, Bryce"]
[Black "Sohal, Tanraj"]
[Result "1-0"]
[WhiteElo "2408"]
[BlackElo "2383"]
[WhiteFideId "-1"]
[WhiteFideId "-1"]
[PlyCount "77"]
[GameId "2160767908478889"]
[EventDate "2017.01.13"]
[EventType "schev"]
[EventRounds "5"]
[EventCountry "CAN"]
[SourceTitle "EXT 2022"]
[Source "ChessBase"]
[SourceDate "2021.10.06"]
[SourceVersion "1"]
[SourceVersionDate "2021.10.06"]
[SourceQuality "1"]
[WhiteTeam "WA A"]
[BlackTeam "BC A"]
[WhiteTeamCountry "CAN"]
[BlackTeamCountry "CAN"]

1. e4 c5 2. Nf3 e6 3. d4 cxd4 4. Nxd4 Nf6 5. Nc3 Nc6 6. Ndb5 d6 7. Bf4 e5 8. Bg5 a6 9. Na3 b5 10. Nd5 Be7 11. Bxf6 Bxf6 12. c4 Nd4 13. cxb5 O-O 14. bxa6 Bg5 15. b4 Rxa6 16. Nc2 Bg4 17. Qd3 Qc8 18. Nxd4 Rxa2 19. Rb1 exd4 20. h4 Re8 21. hxg5 Qf5 22. f3 Qxd5 23. Be2 Qe5 24. O-O Bc8 25. f4 Qxe4 26. Qxe4 Rxe4 27. Bf3 Re8 28. Bc6 Ree2 29. b5 Bf5 30. Rbe1 d3 31. b6 Rab2 32. b7 d5 33. Bxd5 Be6 34. Ra1 g6 35. Ra8+ Kg7 36. Bf3 Bg4 37. b8=Q Rxb8 38. Rxb8 Bxf3 39. gxf3 1-0

[Event "British Columbia-Washington m A"]
[Site "Victoria CAN"]
[Date "2017.01.13"]
[Round "1.3"]
[White "Collyer, Curt D"]
[Black "Morozov, Grigory"]
[Result "1/2-1/2"]
[WhiteElo "2293"]
[BlackElo "2354"]
[WhiteFideId "-1"]
[WhiteFideId "-1"]
[PlyCount "199"]
[GameId "2160767908478890"]
[EventDate "2017.01.13"]
[EventType "schev"]
[EventRounds "5"]
[EventCountry "CAN"]
[SourceTitle "EXT 2022"]
[Source "ChessBase"]
[SourceDate "2021.10.06"]
[SourceVersion "1"]
[SourceVersionDate "2021.10.06"]
[SourceQuality "1"]
[WhiteTeam "WA A"]
[BlackTeam "BC A"]
[WhiteTeamCountry "CAN"]
[BlackTeamCountry "CAN"]

1. Nf3 d5 2. c4 e6 3. g3 Nf6 4. Bg2 Be7 5. b3 c5 6. Bb2 O-O 7. O-O Nc6 8. e3 d4 9. exd4 cxd4 10. Re1 Re8 11. d3 Bf8 12. a3 a5 13. Ne5 Qb6 14. Nd2 Nxe5 15. Rxe5 Bd7 16. c5 Bxc5 17. Rc1 Bd6 18. Nc4 Qc7 19. Bxd4 Bc6 20. Rxa5 Rxa5 21. Bb6 Qe7 22. Bxc6 bxc6 23. Nxa5 Bxa3 24. Rxc6 Nd5 25. Qg4 Bb4 26. Qd4 Qd7 27. Rc2 Qb5 28. Nc6 Bf8 29. Bc5 Qxb3 30. Bxf8 Rxf8 31. Qc4 Qb1+ 32. Rc1 Qb2 33. Rc2 Qf6 34. Kg2 h5 35. Qd4 Qxd4 36. Nxd4 Nb4 37. Rc3 Rd8 38. Nc6 Rxd3 39. Rc4 Nd5 40. Ne5 Rc3 41. Ra4 g6 42. Nf3 f6 43. h4 Kf7 44. Ra6 e5 45. Nd2 Rc2 46. Ne4 Ke7 47. Ra7+ Nc7 48. Rb7 Rc6 49. Rb8 Ne6 50. Rb7+ Rc7 51. Rb6 Rc4 52. Nd2 Rd4 53. Nb3 Rd6 54. Rb7+ Rd7 55. Rb6 e4 56. Na5 f5 57. Nc6+ Kf6 58. Na5 Rd4 59. Kf1 Rd1+ 60. Kg2 Rd5 61. Ra6 Rd2 62. Nc4 Rc2 63. Ne3 Rc5 64. Kf1 Ke5 65. Ra1 Nd4 66. Ng2 Nb3 67. Rd1 Rc1 68. Rxc1 Nxc1 69. Nf4 Kf6 70. Nd5+ Kf7 71. Ke1 Nd3+ 72. Ke2 Ne5 73. Nf4 Nf3 74. Ke3 Kg7 75. Nh3 Ne5 76. Nf4 Nc6 77. f3 exf3 78. Kxf3 Kf6 79. Nh3 Nd4+ 80. Ke3 Ne6 81. Nf4 Nc5 82. Kf3 Ne4 83. Nd5+ Kg7 84. Kf4 Nf6 85. Ne3 Kf7 86. Ng2 Ke6 87. Kf3 Nd5 88. Ne1 Kf6 89. Nd3 g5 90. hxg5+ Kxg5 91. Nf2 Kf6 92. Nd3 Kg6 93. Nf2 Kg5 94. Nd3 Nf6 95. Nc5 Ng4 96. Ne6+ Kf6 97. Nf4 Ne5+ 98. Kg2 Kg5 99. Nh3+ Kh6 100. Kf2 1/2-1/2

[Event "British Columbia-Washington m A"]
[Site "Victoria CAN"]
[Date "2017.01.13"]
[Round "1.5"]
[White "Ross, Paul"]
[Black "He, Anthony"]
[Result "0-1"]
[WhiteElo "2334"]
[BlackElo "2248"]
[WhiteFideId "-1"]
[WhiteFideId "-1"]
[PlyCount "70"]
[GameId "2160767908478891"]
[EventDate "2017.01.13"]
[EventType "schev"]
[EventRounds "5"]
[EventCountry "CAN"]
[WhiteTeam "BC A"]
[BlackTeam "WA A"]

1. d4 Nf6 2. c4 g6 3. Nc3 d5 4. cxd5 Nxd5 5. g3 Bg7 6. Bg2 Nb6 7. d5 c6 8. e4 O-O 9. Nge2 cxd5 10. exd5 N8d7 11. O-O Ne5 12. h3 Bf5 13. g4 Bd7 14. Bg5 Nec4 15. b3 Nd6 16. Rc1 f5 17. Nd4 h6 18. Bh4 g5 19. Bg3 f4 20. Bh2 Rc8 21. Qd3 Qe8 22. Rfe1 Qf7 23. a4 Qf6 24. Red1 Rc5 25. Ncb5 Rfc8 26. Rxc5 Rxc5 27. Nxd6 exd6 28. Ne6 Bxe6 29. dxe6 Qxe6 30. Bxb7 Be5 31. b4 Rc3 32. Qe4 Rxh3 33. f3 Qa2 34. Qg6+ Kf8 35. Qf5+ Kg7 0-1

[Event "British Columbia-Washington m A"]
[Site "Victoria CAN"]
[Date "2017.01.14"]
[Round "2.2"]
[White "Sohal, Tanraj"]
[Black "Collyer, Curt D"]
[Result "1-0"]
[WhiteElo "2383"]
[BlackElo "2293"]
[WhiteFideId "-1"]
[WhiteFideId "-1"]
[PlyCount "139"]
[GameId "2160767908478893"]
[EventDate "2017.01.13"]
[EventType "schev"]
[EventRounds "5"]
[EventCountry "CAN"]
[SourceTitle "EXT 2022"]
[Source "ChessBase"]
[SourceDate "2021.10.06"]
[SourceVersion "1"]
[SourceVersionDate "2021.10.06"]
[SourceQuality "1"]
[WhiteTeam "BC A"]
[BlackTeam "WA A"]
[WhiteTeamCountry "CAN"]
[BlackTeamCountry "CAN"]

1. d4 b6 2. e4 Bb7 3. Bd3 Nc6 4. d5 Ne5 5. Nf3 Nxd3+ 6. Qxd3 g6 7. O-O Bg7 8. c4 e6 9. Nc3 Ne7 10. Be3 O-O 11. Bd4 f6 12. Rad1 h6 13. Be3 f5 14. Bd4 fxe4 15. Qxe4 exd5 16. cxd5 Nf5 17. Bxg7 Kxg7 18. Nb5 Qf6 19. Nfd4 a6 20. Nc3 Rae8 21. Nxf5+ Qxf5 22. Qd4+ Qe5 23. Qd2 Qf5 24. Rfe1 b5 25. f3 Kh7 26. Ne4 Re5 27. Qc3 Rxd5 28. Rxd5 Bxd5 29. Qxc7 Bc6 30. Qd6 Rf7 31. Qd4 Bxe4 32. Rxe4 d5 33. Re8 Rg7 34. Re1 h5 35. a3 g5 36. Qe5 Rf7 37. Qxf5+ Rxf5 38. Re6 d4 39. Rxa6 Rc5 40. Rd6 Rc1+ 41. Kf2 Rc2+ 42. Kg3 Rxb2 43. Rxd4 Rb3 44. Rb4 Rxa3 45. Rxb5 Kg6 46. Rb6+ Kf5 47. h4 gxh4+ 48. Kxh4 Ra2 49. Rb5+ Kf4 50. Rg5 Ra8 51. Rxh5 Ra1 52. g3+ Kxf3 53. Rf5+ Ke4 54. g4 Ra8 55. Rf6 Rh8+ 56. Kg5 Ke5 57. Rg6 Rh1 58. Rg8 Ke6 59. Kg6 Ke7 60. g5 Ra1 61. Kg7 Rg1 62. g6 Ke6 63. Rf8 Ke7 64. Rf4 Ke6 65. Rf2 Ra1 66. Kh7 Rh1+ 67. Kg8 Rh6 68. g7 Ke7 69. Re2+ Kd7 70. Kf7 1-0

[Event "British Columbia-Washington m A"]
[Site "Victoria CAN"]
[Date "2017.01.14"]
[Round "2.3"]
[White "Morozov, Grigory"]
[Black "Sinanan, Joshua"]
[Result "1/2-1/2"]
[WhiteElo "2354"]
[BlackElo "2264"]
[WhiteFideId "-1"]
[WhiteFideId "-1"]
[PlyCount "170"]
[GameId "2160767908478894"]
[EventDate "2017.01.13"]
[EventType "schev"]
[EventRounds "5"]
[EventCountry "CAN"]
[SourceTitle "EXT 2022"]
[Source "ChessBase"]
[SourceDate "2021.10.06"]
[SourceVersion "1"]
[SourceVersionDate "2021.10.06"]
[SourceQuality "1"]
[WhiteTeam "BC A"]
[BlackTeam "WA A"]
[WhiteTeamCountry "CAN"]
[BlackTeamCountry "CAN"]

1. d4 Nf6 2. c4 e6 3. Nf3 d5 4. Nc3 Bb4 5. Qb3 Nc6 6. Bg5 dxc4 7. Qxc4 Qd5 8. Qxd5 Nxd5 9. Bd2 Nxc3 10. bxc3 Bd6 11. e4 e5 12. Rb1 f6 13. Bd3 b6 14. O-O Bd7 15. Be3 Ke7 16. Rb2 Rad8 17. Bb5 Rde8 18. Rd1 Kd8 19. Nd2 Na5 20. a4 c6 21. Ba6 Kc7 22. f3 Be6 23. g3 g5 24. Kf2 h5 25. Rh1 h4 26. g4 Rb8 27. h3 c5 28. d5 Bd7 29. Ra1 Bc8 30. Bd3 Bd7 31. Ke2 Rhc8 32. Ba6 Re8 33. Kd3 Red8 34. Nf1 Rf8 35. Bd2 c4+ 36. Bxc4 Nxc4 37. Kxc4 Bc5 38. Be3 Bxe3 39. Nxe3 Kd6 40. a5 Rfc8+ 41. Kd3 b5 42. Nc2 Rc5 43. Ra3 Rbc8 44. Rb4 a6 45. Kd2 Rc4 46. Rab3 R4c5 47. Ne1 R5c7 48. Nd3 Be8 49. Nb2 Bd7 50. Kd3 Ke7 51. c4 Rc5 52. Kc3 bxc4 53. Rxc4 Rxa5 54. Rb7 Rac5 55. Ra7 a5 56. Rxc5 Rxc5+ 57. Nc4 a4 58. Rb7 Rb5 59. Rxb5 Bxb5 60. Nd2 Kd6 61. Kb4 Bd7 62. Nc4+ Kc7 63. Na3 Kb6 64. Nc4+ Kc7 65. Kc5 Bc8 66. Kb5 Bd7+ 67. Kb4 Kb7 68. Ka5 Kc7 69. Na3 Kb7 70. Nb1 Kc7 71. Kb4 Kb6 72. Nc3 a3 73. Kxa3 Kc5 74. Na4+ Kd4 75. Nb6 Be8 76. d6 Ke3 77. Nd5+ Kxf3 78. Nxf6 Bc6 79. Kb4 Kg3 80. Kc5 Ba4 81. Nh7 Kxh3 82. Nf6 Kg3 83. Kb4 Bc6 84. Kc5 Ba4 85. Kb4 Bc6 1/2-1/2

[Event "British Columbia-Washington m A"]
[Site "Victoria CAN"]
[Date "2017.01.14"]
[Round "2.4"]
[White "He, Anthony"]
[Black "Schulte, Oliver"]
[Result "1/2-1/2"]
[WhiteElo "2248"]
[BlackElo "2422"]
[WhiteFideId "-1"]
[WhiteFideId "-1"]
[PlyCount "74"]
[GameId "2160767908478895"]
[EventDate "2017.01.13"]
[EventType "schev"]
[EventRounds "5"]
[EventCountry "CAN"]
[WhiteTeam "WA A"]
[BlackTeam "BC A"]

1. e4 c5 2. Nf3 Nc6 3. d4 cxd4 4. Nxd4 Nf6 5. Nc3 e5 6. Ndb5 d6 7. Bg5 a6 8. Na3 b5 9. Nd5 Qa5+ 10. Bd2 Qd8 11. Bg5 Be7 12. Bxf6 Bxf6 13. c3 Bg5 14. Nc2 Be6 15. a4 Rb8 16. axb5 axb5 17. Ncb4 Nxb4 18. Nxb4 Qb6 19. Ra6 Qb7 20. Bd3 O-O 21. Qe2 d5 22. O-O Be7 23. Ra5 Bxb4 24. Rxb5 Qe7 25. Rxb4 Rxb4 26. cxb4 d4 27. Qd2 Rc8 28. Ra1 h6 29. h3 Bc4 30. Rc1 Qe6 31. Bxc4 Rxc4 32. b5 Qc8 33. Rxc4 Qxc4 34. b6 Qc6 35. Qb4 Qc1+ 36. Kh2 Qf4+ 37. Kg1 Qc1+ 1/2-1/2

[Event "British Columbia-Washington m A"]
[Site "Victoria CAN"]
[Date "2017.01.14"]
[Round "2.5"]
[White "Bragg, David"]
[Black "Ross, Paul"]
[Result "0-1"]
[WhiteElo "2280"]
[BlackElo "2334"]
[WhiteFideId "-1"]
[WhiteFideId "-1"]
[PlyCount "50"]
[GameId "2160767908478896"]
[EventDate "2017.01.13"]
[EventType "schev"]
[EventRounds "5"]
[EventCountry "CAN"]
[SourceTitle "EXT 2022"]
[Source "ChessBase"]
[SourceDate "2021.10.06"]
[SourceVersion "1"]
[SourceVersionDate "2021.10.06"]
[SourceQuality "1"]
[WhiteTeam "WA A"]
[BlackTeam "BC A"]
[WhiteTeamCountry "CAN"]
[BlackTeamCountry "CAN"]

1. d4 g6 2. e4 Bg7 3. Be2 d6 4. Nc3 a6 5. Be3 b5 6. a3 Nd7 7. f4 Bb7 8. Bf3 Qc8 9. Nge2 e6 10. O-O Ne7 11. g4 f5 12. Ng3 O-O 13. Qd3 Nf6 14. h3 fxe4 15. Ncxe4 Nfd5 16. Ng5 h6 17. Bxd5 Bxd5 18. Nf3 Bc4 19. Qd2 Bxf1 20. Rxf1 Qd7 21. f5 exf5 22. Bxh6 fxg4 23. Bxg7 Kxg7 24. Nh5+ gxh5 25. Qg5+ Ng6 0-1

[Event "British Columbia-Washington m A"]
[Site "Victoria CAN"]
[Date "2017.01.14"]
[Round "3.2"]
[White "Sinanan, Joshua"]
[Black "Sohal, Tanraj"]
[Result "0-1"]
[WhiteElo "2264"]
[BlackElo "2383"]
[WhiteFideId "-1"]
[WhiteFideId "-1"]
[PlyCount "102"]
[GameId "2160767908478898"]
[EventDate "2017.01.13"]
[EventType "schev"]
[EventRounds "5"]
[EventCountry "CAN"]
[SourceTitle "EXT 2022"]
[Source "ChessBase"]
[SourceDate "2021.10.06"]
[SourceVersion "1"]
[SourceVersionDate "2021.10.06"]
[SourceQuality "1"]
[WhiteTeam "WA A"]
[BlackTeam "BC A"]
[WhiteTeamCountry "CAN"]
[BlackTeamCountry "CAN"]

1. d4 Nf6 2. c4 e6 3. g3 d5 4. Nf3 Be7 5. Bg2 O-O 6. O-O dxc4 7. Qc2 b5 8. a4 b4 9. Nfd2 c6 10. Nxc4 Qxd4 11. Rd1 Qc5 12. b3 Ng4 13. e3 Ne5 14. Nbd2 Nxc4 15. Nxc4 Ba6 16. Bb2 Bxc4 17. bxc4 a5 18. Bd4 Qh5 19. Bb6 Bc5 20. Bc7 Rc8 21. Bxb8 Raxb8 22. Rab1 Be7 23. Be4 g6 24. Kg2 Qc5 25. Qb3 Rd8 26. Bc2 Bf6 27. Rxd8+ Rxd8 28. Rd1 Rxd1 29. Bxd1 Bc3 30. Qa2 Qd6 31. Qe2 Kg7 32. Bc2 Kf8 33. Qd1 Qc5 34. Qd8+ Kg7 35. Qd3 Be5 36. h4 Bf6 37. Bd1 Kf8 38. Bf3 Ke7 39. Bd1 Qe5 40. Bb3 Qb2 41. Bd1 Qc3 42. Qxc3 bxc3 43. Kf3 Kd6 44. Ke4 Kc5 45. Kd3 Kb4 46. f4 h5 47. Bc2 Ka3 48. e4 Kb2 49. Bd1 Be7 50. f5 exf5 51. exf5 gxf5 0-1

[Event "British Columbia-Washington m A"]
[Site "Victoria CAN"]
[Date "2017.01.14"]
[Round "3.3"]
[White "He, Anthony"]
[Black "Morozov, Grigory"]
[Result "0-1"]
[WhiteElo "2248"]
[BlackElo "2354"]
[WhiteFideId "-1"]
[WhiteFideId "-1"]
[PlyCount "220"]
[GameId "2160767908478899"]
[EventDate "2017.01.13"]
[EventType "schev"]
[EventRounds "5"]
[EventCountry "CAN"]
[WhiteTeam "WA A"]
[BlackTeam "BC A"]

1. e4 e6 2. d4 d5 3. Nd2 Nf6 4. e5 Nfd7 5. Bd3 c5 6. c3 Nc6 7. Ne2 cxd4 8. cxd4 f6 9. exf6 Nxf6 10. Nf3 Bd6 11. O-O Qc7 12. Bg5 O-O 13. Bh4 e5 14. dxe5 Nxe5 15. Nxe5 Bxe5 16. Bg3 Bxg3 17. Nxg3 Qb6 18. Qd2 Bd7 19. Rae1 Rae8 20. h3 Bb5 21. Bxb5 Qxb5 22. Rxe8 Rxe8 23. Rc1 Qd7 24. Qf4 Rc8 25. Rxc8+ Qxc8 26. Nf5 Kh8 27. Qe5 h6 28. Kh2 Kh7 29. Ne7 Qc2 30. Qf5+ Qxf5 31. Nxf5 Ne4 32. f3 Nc5 33. Kg3 Nd3 34. Ne3 d4 35. Nc2 Nxb2 36. Nxd4 Nd3 37. f4 Kg6 38. Kf3 Nc5 39. Ke3 Kf6 40. Nf3 Na6 41. Kd4 Nb4 42. a4 Ke6 43. Kc4 Nc6 44. g4 Kd6 45. Nh4 Ne7 46. Kd4 b6 47. Nf3 a6 48. Kc4 Ng6 49. Nd4 Nxf4 50. Nf5+ Ke5 51. Nxg7 Nxh3 52. Nf5 h5 53. Nh6 h4 54. Nf5 Nf2 55. Nxh4 Nxg4 56. Nf3+ Kd6 57. Nd4 Ne5+ 58. Kc3 Kd5 59. Nc2 a5 60. Ne3+ Kc5 61. Nc2 Nd7 62. Ne3 Kc6 63. Kb3 Nc5+ 64. Ka3 Kd6 65. Nc4+ Kc7 66. Ne5 Kc8 67. Nc4 Kb7 68. Ne5 Kc7 69. Nc4 Kc6 70. Ne3 Ne4 71. Kb3 Kc5 72. Nc4 Nf6 73. Ne5 Kd4 74. Nc4 Nd7 75. Nd6 Nc5+ 76. Ka3 Kc3 77. Nb5+ Kc2 78. Nd6 Nd7 79. Nc4 Kc3 80. Nd6 Ne5 81. Nb5+ Kc2 82. Nd6 Nd7 83. Nb5 Nf6 84. Nd4+ Kd3 85. Nb5 Ne4 86. Kb3 Nd2+ 87. Ka3 Kc2 88. Nd4+ Kc3 89. Nb5+ Kd3 90. Kb2 Kc4 91. Ka3 Ne4 92. Na7 Nd6 93. Nc6 Kc3 94. Ka2 Nc4 95. Kb1 Kb3 96. Nd4+ Kxa4 97. Kc2 Kb4 98. Nc6+ Kc5 99. Ne7 a4 100. Nf5 b5 101. Ng3 b4 102. Ne2 Ne5 103. Kb2 Kc4 104. Kb1 b3 105. Kb2 Kb4 106. Nd4 a3+ 107. Ka1 Kc4 108. Ne2 Kd3 109. Nc1+ Kc2 110. Nxb3 Kxb3 0-1

[Event "British Columbia-Washington m A"]
[Site "Victoria CAN"]
[Date "2017.01.14"]
[Round "3.4"]
[White "Schulte, Oliver"]
[Black "Bragg, David"]
[Result "0-1"]
[WhiteElo "2422"]
[BlackElo "2280"]
[WhiteFideId "-1"]
[WhiteFideId "-1"]
[PlyCount "100"]
[GameId "2160767908478900"]
[EventDate "2017.01.13"]
[EventType "schev"]
[EventRounds "5"]
[EventCountry "CAN"]
[SourceTitle "EXT 2022"]
[Source "ChessBase"]
[SourceDate "2021.10.06"]
[SourceVersion "1"]
[SourceVersionDate "2021.10.06"]
[SourceQuality "1"]
[WhiteTeam "BA A"]
[BlackTeam "WA A"]
[WhiteTeamCountry "CAN"]
[BlackTeamCountry "CAN"]

1. e4 c6 2. Nc3 d5 3. Nf3 dxe4 4. Nxe4 Nf6 5. Nxf6+ exf6 6. Bc4 Bd6 7. Qe2+ Qe7 8. Qxe7+ Kxe7 9. O-O Be6 10. Re1 Kd7 11. Bf1 c5 12. d4 Nc6 13. dxc5 Bxc5 14. Be3 Bxe3 15. Rxe3 Rad8 16. Bb5 Kc7 17. c3 a6 18. Bxc6 bxc6 19. Nd4 Rd6 20. Rae1 Rhd8 21. h3 Bxa2 22. Nf5 Rd2 23. Nxg7 Rxb2 24. Ne8+ Kb6 25. Nxf6 Rdd2 26. Ne4 Rdc2 27. Rd1 Bd5 28. g4 Bxe4 29. Rxe4 Rxf2 30. Rb4+ Rxb4 31. cxb4 Rf4 32. Rd7 a5 33. bxa5+ Kxa5 34. Kg2 c5 35. Kg3 Rf1 36. Kg2 Rf6 37. Rd5 Kb4 38. g5 Rf4 39. Kg3 Rd4 40. Rf5 Rd7 41. Kf3 Re7 42. Rf4+ c4 43. Rh4 f6 44. gxf6 Rf7 45. Rf4 Kb3 46. Ke2 c3 47. Kd1 Rd7+ 48. Ke2 c2 49. Rf1 Rf7 50. Kd2 Kb2 0-1

[Event "British Columbia-Washington m A"]
[Site "Victoria CAN"]
[Date "2017.01.15"]
[Round "4.2"]
[White "Sohal, Tanraj"]
[Black "He, Anthony"]
[Result "0-1"]
[WhiteElo "2383"]
[BlackElo "2248"]
[WhiteFideId "-1"]
[WhiteFideId "-1"]
[PlyCount "120"]
[GameId "2160767908478903"]
[EventDate "2017.01.13"]
[EventType "schev"]
[EventRounds "5"]
[EventCountry "CAN"]
[WhiteTeam "BA A"]
[BlackTeam "WA A"]

1. d4 Nf6 2. c4 g6 3. d5 c6 4. Nc3 cxd5 5. cxd5 Bg7 6. g3 d6 7. Bg2 O-O 8. Nf3 Nbd7 9. O-O Nc5 10. Nd2 Bf5 11. Nb3 Nce4 12. Nxe4 Bxe4 13. Be3 Rc8 14. Bd4 Bxg2 15. Kxg2 Qd7 16. Qd3 Qa4 17. Bc3 Rc7 18. f3 Rfc8 19. Rfd1 Nd7 20. Bxg7 Kxg7 21. Qd4+ Qxd4 22. Nxd4 Nb6 23. e4 Nc4 24. Kf2 Nxb2 25. Rdb1 Na4 26. Rb4 Rc4 27. Rxc4 Rxc4 28. Ke3 Nc5 29. Ne2 Rc2 30. a3 a5 31. Rc1 Rb2 32. Rc3 b5 33. Nd4 b4 34. axb4 axb4 35. Rc2 Rb1 36. Rc4 b3 37. Rb4 b2 38. Ne2 Na4 39. Rxa4 Ra1 40. Rb4 b1=Q 41. Rxb1 Rxb1 42. h4 Rb3+ 43. Kf4 e5+ 44. dxe6 fxe6 45. e5 dxe5+ 46. Ke4 Kf6 47. Nc1 Rb4+ 48. Ke3 h5 49. Nd3 Rc4 50. Nf2 Kf5 51. Ne4 Rxe4+ 52. fxe4+ Kg4 53. Kf2 g5 54. hxg5 Kxg5 55. Kg2 Kg4 56. Kf2 h4 57. gxh4 Kxh4 58. Kf3 Kh3 59. Ke3 Kg3 60. Kd2 Kf4 0-1

[Event "British Columbia-Washington m A"]
[Site "Victoria CAN"]
[Date "2017.01.15"]
[Round "4.3"]
[White "Bragg, David"]
[Black "Morozov, Grigory"]
[Result "0-1"]
[WhiteElo "2280"]
[BlackElo "2354"]
[WhiteFideId "-1"]
[WhiteFideId "-1"]
[PlyCount "116"]
[GameId "2160767908478904"]
[EventDate "2017.01.13"]
[EventType "schev"]
[EventRounds "5"]
[EventCountry "CAN"]
[SourceTitle "EXT 2022"]
[Source "ChessBase"]
[SourceDate "2021.10.06"]
[SourceVersion "1"]
[SourceVersionDate "2021.10.06"]
[SourceQuality "1"]
[WhiteTeam "WA A"]
[BlackTeam "BC A"]
[WhiteTeamCountry "CAN"]
[BlackTeamCountry "CAN"]

1. d4 d5 2. Nf3 c6 3. c3 Nf6 4. Bf4 Bf5 5. e3 e6 6. Nbd2 Be7 7. Be2 h6 8. h3 O-O 9. Qb3 Qb6 10. g4 Bh7 11. Ne5 Nfd7 12. Bd3 Nxe5 13. Bxh7+ Kxh7 14. Bxe5 Qxb3 15. axb3 Nd7 16. Bg3 f6 17. Nf3 Rfe8 18. b4 Bf8 19. Kd2 e5 20. h4 g6 21. g5 e4 22. Ng1 fxg5 23. hxg5 h5 24. f4 exf3 25. Nxf3 Re4 26. Bf4 a6 27. Raf1 Bg7 28. Kd3 Rae8 29. Rf2 R4e7 30. Rhf1 Rf7 31. Nd2 Nf8 32. e4 Ne6 33. Be3 Rxf2 34. Rxf2 Rf8 35. Rg2 Rf7 36. b3 Bf8 37. Ke2 Be7 38. c4 Bxb4 39. exd5 cxd5 40. cxd5 Nc7 41. d6 Bxd6 42. Ne4 Be7 43. Rg1 Nd5 44. Bd2 Bf8 45. Rc1 Bg7 46. Kd3 Rf3+ 47. Kc4 Nb6+ 48. Kc5 Rxb3 49. Rf1 Rb5+ 50. Kd6 Nc4+ 51. Kc7 Nxd2 52. Nxd2 Bxd4 53. Rf7+ Kg8 54. Rd7 Be5+ 55. Kc8 Bf4 56. Ne4 Bxg5 57. Nxg5 Rxg5 58. Kxb7 a5 0-1

[Event "British Columbia-Washington m A"]
[Site "Victoria CAN"]
[Date "2017.01.15"]
[Round "4.4"]
[White "Tiglon, Bryce"]
[Black "Schulte, Oliver"]
[Result "1-0"]
[WhiteElo "2408"]
[BlackElo "2422"]
[WhiteFideId "-1"]
[WhiteFideId "-1"]
[PlyCount "45"]
[GameId "2160767908478905"]
[EventDate "2017.01.13"]
[EventType "schev"]
[EventRounds "5"]
[EventCountry "CAN"]
[SourceTitle "EXT 2022"]
[Source "ChessBase"]
[SourceDate "2021.10.06"]
[SourceVersion "1"]
[SourceVersionDate "2021.10.06"]
[SourceQuality "1"]
[WhiteTeam "WA A"]
[BlackTeam "BC A"]
[WhiteTeamCountry "CAN"]
[BlackTeamCountry "CAN"]

1. e4 c5 2. Nf3 Nc6 3. d4 cxd4 4. Nxd4 Nf6 5. Nc3 e5 6. Ndb5 d6 7. Bg5 a6 8. Na3 b5 9. Nd5 Qa5+ 10. Bd2 Qd8 11. Bg5 Qa5+ 12. Bd2 Qd8 13. Bd3 Nxd5 14. exd5 Ne7 15. c4 g6 16. cxb5 Bg7 17. bxa6 O-O 18. O-O f5 19. Qa4 Bxa6 20. Bxa6 Qb6 21. Qd7 Ra7 22. Qe6+ Kh8 23. Be3 1-0